Analýza trendov a percentuálneho zastúpenia aktív a pasív

Priblíženie finančnej výkonnosti a analýzy. Analyzovanie finančného zdravia vybranej spoločnosti horizontálnou a vertikálnou analýzou. Vybrané finančné charakteristiky spoločnosti.

Gespeichert in:
Bibliographische Detailangaben
1. Verfasser: Lukáč, Jozef, 1991-
Format: Buchkapitel
Sprache:Slowakisch
Schlagworte:
Tags: Tag hinzufügen
Keine Tags, Fügen Sie das erste Tag hinzu!

MARC

LEADER 00000naa a2200000 4500
001 0261486
005 20240502074147.1
041 0 |a slo 
044 |a SK 
245 1 0 |a Analýza trendov a percentuálneho zastúpenia aktív a pasív 
520 |a Priblíženie finančnej výkonnosti a analýzy. Analyzovanie finančného zdravia vybranej spoločnosti horizontálnou a vertikálnou analýzou. Vybrané finančné charakteristiky spoločnosti. 
610 2 0 |a analýza finančná 
610 2 0 |a výkonnosť 
610 2 0 |a aktíva 
610 2 0 |a pasíva 
100 1 |a Lukáč, Jozef, 1991-